| 000 | 00611nam a2200193 i 4500 | ||
|---|---|---|---|
| 001 | 84735 | ||
| 003 | ES-MaACL | ||
| 005 | 20230906175104.0 | ||
| 007 | t| | ||
| 008 | 041123s1959 ag ||||1| spa d | ||
| 100 | 1 |
_aJantzen, Hans. _966068 |
|
| 245 | 1 | 3 |
_aLa arquitectura gótica / _cHans Jantzen ; [traducción de José María Coco Ferraris]. |
| 250 | _a[1ª ed.]. | ||
| 260 |
_a[Buenos Aires] : _bNueva Visión, _c[1959] |
||
| 300 |
_a199 p., 16 lám. : _bil. ; _c20 cm. |
||
| 650 | 0 | 4 |
_aArquitectura gótica. _910027 |
| 700 | 1 |
_aCoco Ferraris, José María. _939409 |
|
| 852 |
_aES-MaACL _jE-8749 _bR.93175 |
||
| 999 |
_c84735 _d84735 |
||